Imiona żeńskie na A w rejestrze PESEL - Statystyki

Ogólne statystyki
  • Ten quiz został rozwiązany 174 razy
  • Średni wynik to 14 z 23
Statystyki odpowiedzi
Odpowiedź % Poprawnych
1 Anna
98%
4 Alicja
91%
2 Agnieszka
88%
7 Amelia
83%
5 Agata
80%
3 Aleksandra
76%
10 Anastasiia
71%
14 Anastazja
70%
6 Aneta
70%
8 Alina
69%
16 Adriana
67%
13 Adrianna
66%
11 Anita
64%
20 Andżelika
63%
9 Angelika
63%
12 Aniela
58%
17 Aurelia
51%
15 Aldona
46%
22 Adela
44%
18 Alla
41%
21 Arleta
41%
19 Alona
14%
23 Anhelina
7%
Nie znaleziono quizów pasujących do podanych kryteriów
Rozkład punktacji
Procent ludzi z każdym wynikiem
Percentyl według liczby udzielonych odpowiedzi
Twoja historia wyników
Nie rozwiązałeś tego quizu